| 000 | 00382cam a22001097a 4500 | ||
|---|---|---|---|
| 008 | 180718b1969 xxu||||| |||| 00| 0 eng d | ||
| 082 | _aR706x71 C16/ST/7 | ||
| 100 | _aMalles, Paul | ||
| 245 |
_aTask force on labour relations, study no.7 trends in industrial relations systems of continental Europe _cby Paul Malles |
||
| 260 |
_aOttawa _bPrivy Council Office _c1969 |
||
| 300 | _ax, 213p | ||
| 999 |
_c496398 _d496398 |
||